Research methods for business students / (Record no. 562)

MARC details
000 -LEADER
fixed length control field 01120nam a22001937a 4500
008 - FIXED-LENGTH DATA ELEMENTS--GENERAL INFORMATION
fixed length control field 120201t xxu||||| |||| 00| 0 eng d
020 ## - INTERNATIONAL STANDARD BOOK NUMBER
International Standard Book Number 0273620177
050 ## - LIBRARY OF CONGRESS CALL NUMBER
Classification number HD30.4.S1
100 ## - MAIN ENTRY--PERSONAL NAME
Personal name Saunders, Mark
245 ## - TITLE STATEMENT
Title Research methods for business students /
Statement of responsibility, etc. Mark Saunders, Philip Lewis and Adrian Thornhill
260 ## - PUBLICATION, DISTRIBUTION, ETC.
Place of publication, distribution, etc. London:
Name of publisher, distributor, etc. Pitman Publishing,
Date of publication, distribution, etc. c1997.
300 ## - PHYSICAL DESCRIPTION
Extent xiv,429 p.:
Other physical details ill;
Dimensions 24cm.
500 ## - GENERAL NOTE
General note Includes bibliographical references and index.
505 ## - FORMATTED CONTENTS NOTE
Formatted contents note Contents: Introduction -- Formulating and clarifying the research topic -- Critically reviewing the literature -- Deciding on the research approach and choosing a research strategy -- Negotiating access and research ethics -- Selecting samples -- Using secondary data -- Collecting primary data through observation -- Collecting primary data using semi-structured and in-depth interviews -- Collecting primary data using questionnaires -- Analysing quantitative data -- Analysing qualitative data -- Writing your project report.
650 ## - SUBJECT ADDED ENTRY--TOPICAL TERM
Topical term or geographic name entry element Research method
700 ## - ADDED ENTRY--PERSONAL NAME
Personal name Lewis, Philip
700 ## - ADDED ENTRY--PERSONAL NAME
Personal name Thornhill, Adrian
942 ## - ADDED ENTRY ELEMENTS (KOHA)
Source of classification or shelving scheme Library of Congress Classification
Koha item type Books
Holdings
Withdrawn status Lost status Source of classification or shelving scheme Damaged status Not for loan Home library Current library Shelving location Date acquired Total Checkouts Full call number Barcode Date last seen Price effective from Koha item type
    Library of Congress Classification     WISCONSIN INTERNATIONAL UNIVERSITY COLLEGE, GHANA - MAIN LIBRARY WISCONSIN INTERNATIONAL UNIVERSITY COLLEGE, GHANA - MAIN LIBRARY General Stacks 01/02/2012   HD30.4.S1 1367/12 01/02/2012 01/02/2012 Books

If you have any concerns or questions; kindly contact the library


© Powered by WIUC ICT DIRECTORATE